000 00332nam a22001337a 4500
020 _a9781853129513
040 _cNUST
082 _a671.52 NGU
100 _aNguyen, N. T
_955722
245 _aThermal Analysis of Welds
260 _aBoston:
_bWITpress,
_c2004.
650 _aThermal Analysis of Welds
_9114249
942 _2ddc
_cBK
999 _c595620
_d595620